[Event "Stevenage 4NCL Easter op U2050"]
[Site "Stevenage"]
[Date "2019.04.20"]
[Round "3"]
[White "Kapoor, Gurveen"]
[Black "Bagley, Andy J"]
[Result "1/2-1/2"]
[WhiteElo "1764"]
[BlackElo "1853"]
[PlyCount "58"]
[EventDate "2019.04.19"]
[EventType "swiss"]
[EventRounds "7"]
[EventCountry "ENG"]
[SourceTitle "CBM 190 Extra"]
[Source "ChessBase"]
[SourceDate "2019.07.15"]
[SourceVersion "1"]
[SourceVersionDate "2019.07.15"]
[SourceQuality "1"]

1. g3 e6 2. Bg2 d5 3. c4 dxc4 4. Nf3 Nf6 5. 0-0 a6 6. a4 Nbd7 7. Na3 Bxa3 8. Rxa3 0-0 9. Qc2 Rb8 10. a5 b5 11. axb6 Nxb6 12. Ne5 Bb7 13. Bxb7 Rxb7 14. Nxc4 Nbd5 15. d3 Nb4 16. Qd1 Nfd5 17. e4 Ne7 18. Be3 Re8 19. Qf3 Nec6 20. Rd1 Nd4 21. Qg4 Rb5 22. e5 Nf5 23. Bg5 Qd4 24. Qe2 h6 25. Bd2 a5 26. Bc3 Qd5 27. Ne3 Nxe3 28. fxe3 c5 29. d4 Qb7 1/2-1/2

[Event "Coventry 4NCL op-A 16th"]
[Site "Coventry"]
[Date "2017.11.04"]
[Round "2"]
[White "Hynes, Anthony"]
[Black "Kapoor, Gurveen"]
[Result "1/2-1/2"]
[WhiteElo "2150"]
[BlackElo "1787"]
[PlyCount "65"]
[EventDate "2017.11.03"]
[EventType "swiss"]
[EventRounds "5"]
[EventCountry "ENG"]
[SourceTitle "CBM 181 Extra"]
[Source "ChessBase"]
[SourceDate "2017.12.12"]
[SourceVersion "1"]
[SourceVersionDate "2017.12.12"]
[SourceQuality "1"]

1. e4 g6 2. d4 Bg7 3. Nc3 c6 4. f4 d5 5. e5 Nh6 6. Nf3 f6 7. Be3 0-0 8. exf6 exf6 9. Qd2 a5 10. 0-0-0 a4 11. a3 b5 12. h3 Nd7 13. g4 Nf7 14. h4 Nb6 15. Qg2 b4 16. Nb1 Nd6 17. axb4 Nbc4 18. Bxc4 Nxc4 19. Bd2 Qd7 20. Rdg1 a3 21. bxa3 Qa7 22. Re1 Nxa3 23. Bc3 c5 24. dxc5 Nxb1 25. Kxb1 Bxg4 26. Nd2 Qa2+ 27. Kc1 Ra3 28. Nb3 Be6 29. Rxe6 Rxb3 30. Ra6 Ra3 31. Rxa3 Qxa3+ 32. Kd2 Qa2 33. Qf2 1/2-1/2

[Event "Coventry 4NCL op-A 16th"]
[Site "Coventry"]
[Date "2017.11.04"]
[Round "3"]
[White "Kapoor, Gurveen"]
[Black "Longson, Sarah N"]
[Result "0-1"]
[WhiteElo "1787"]
[BlackElo "2102"]
[PlyCount "80"]
[EventDate "2017.11.03"]
[EventType "swiss"]
[EventRounds "5"]
[EventCountry "ENG"]
[SourceTitle "CBM 181 Extra"]
[Source "ChessBase"]
[SourceDate "2017.12.12"]
[SourceVersion "1"]
[SourceVersionDate "2017.12.12"]
[SourceQuality "1"]

1. d4 d5 2. Nc3 Nf6 3. Bf4 c5 4. e3 Bf5 5. Bd3 Bxd3 6. Qxd3 Nc6 7. h3 e6 8. Nf3 c4 9. Qe2 Bb4 10. 0-0 Bxc3 11. bxc3 Ne4 12. Qe1 Qa5 13. Nd2 Nxc3 14. a4 Nxa4 15. e4 0-0 16. Qe3 b5 17. e5 Qc3 18. Nf3 Qxe3 19. fxe3 Nb4 20. Rf2 h6 21. g4 a5 22. h4 Nc3 23. h5 a4 24. g5 Ne4 25. Rg2 hxg5 26. Nxg5 Kh8 27. h6 gxh6 28. Nxe4 dxe4 29. Bxh6 Rg8 30. Bg5 Nd5 31. Kf2 Rg7 32. Rh1+ Rh7 33. Bh6 Rg8 34. Rgh2 Rg6 35. c3 Kg8 36. Rg1 Rxg1 37. Kxg1 Nxc3 38. Rg2+ Kh8 39. Bf8 Nd5 40. Kf2 Rh3 0-1

[Event "Wakefield 4NCL op 14th"]
[Site "Wakefield"]
[Date "2017.07.14"]
[Round "1"]
[White "Nelson, Omowale"]
[Black "Kapoor, Gurveen"]
[Result "1/2-1/2"]
[WhiteElo "2001"]
[BlackElo "1715"]
[PlyCount "78"]
[EventDate "2017.07.14"]
[EventType "swiss"]
[EventRounds "5"]
[EventCountry "ENG"]
[SourceTitle "CBM 179 Extra"]
[Source "ChessBase"]
[SourceDate "2017.08.23"]
[SourceVersion "1"]
[SourceVersionDate "2017.08.23"]
[SourceQuality "1"]

1. d4 Nf6 2. c4 c5 3. d5 e6 4. Nc3 exd5 5. cxd5 d6 6. Nf3 g6 7. e4 Bg7 8. h3 0-0 9. Bd3 Re8 10. 0-0 a6 11. a4 Nbd7 12. Re1 Nh5 13. g4 Nhf6 14. Bf4 h5 15. g5 Nh7 16. Kh2 Ne5 17. Rg1 Bd7 18. Bf1 Qa5 19. Nd2 c4 20. Bxc4 Rac8 21. Be2 Qb6 22. Be3 Qxb2 23. Na2 b5 24. Qb1 Nc4 25. Nxc4 Qxe2 26. Nd2 Be5+ 27. Kh1 bxa4 28. Nc1 Qb5 29. h4 Qxb1 30. Rxb1 Bb5 31. f4 Bc3 32. Na2 Bxd2 33. Bxd2 Bd3 34. Nc3 Rxc3 35. Bxc3 Bxe4+ 36. Kh2 Bxb1 37. Rxb1 Nf8 38. Rb6 Re2+ 39. Kg1 Rc2 1/2-1/2

[Event "London Classic op U1750 8th"]
[Site "London"]
[Date "2016.12.16"]
[Round "5"]
[White "Apaza, Jorge Antonio"]
[Black "Kapoor, Gurveen"]
[Result "0-1"]
[WhiteElo "1720"]
[BlackElo "1487"]
[PlyCount "61"]
[EventDate "2016.12.12"]
[EventType "swiss"]
[EventRounds "5"]
[EventCountry "ENG"]
[SourceTitle "EXT 2019"]
[Source "ChessBase"]
[SourceDate "2018.10.10"]
[SourceVersion "1"]
[SourceVersionDate "2018.10.10"]
[SourceQuality "1"]

1. e4 c5 2. Nf3 d6 3. Nc3 a6 4. d4 cxd4 5. Nxd4 Nf6 6. Bd3 e6 7. 0-0 Be7 8. Kh1 Nc6 9. Nde2 b5 10. Ng3 Bb7 11. Bg5 Nxe4 12. Bxe7 Nxg3+ 13. fxg3 Qxe7 14. Qd2 Ne5 15. Rae1 h5 16. Qf4 f5 17. h4 Kf7 18. Ne4 Bxe4 19. Bxe4 Rag8 20. Qe3 Rf8 21. Qb3 Ke8 22. Bc6+ Kd8 23. Ba8 Rh6 24. Qb4 Kd7 25. Bb7 Rd8 26. Bxa6 Ke8 27. Bxb5+ Kf8 28. a4 g5 29. hxg5 Rg6 30. Rxe5 dxe5 31. Qxe7+ 0-1

[Event "BCF-ch U13"]
[Site "Bournemouth"]
[Date "2016.08.02"]
[Round "4"]
[White "Kapoor, Gurveen"]
[Black "Remus Elliot, Tai"]
[Result "1-0"]
[WhiteElo "1358"]
[BlackElo "1390"]
[PlyCount "121"]
[EventDate "2016.07.31"]
[EventType "swiss"]
[EventRounds "7"]
[EventCountry "ENG"]
[SourceTitle "CBM 173 Extra"]
[Source "ChessBase"]
[SourceDate "2016.08.29"]
[SourceVersion "1"]
[SourceVersionDate "2016.08.29"]
[SourceQuality "1"]

1. d4 d5 2. c4 c6 3. Nf3 Nf6 4. Bf4 Bf5 5. Nbd2 e6 6. e3 Bd6 7. Ne5 Bxe5 8. Bxe5 0-0 9. h3 h6 10. c5 Ne4 11. Nxe4 Bxe4 12. Bd3 Qa5+ 13. Qd2 Qxd2+ 14. Kxd2 Bxd3 15. Kxd3 Na6 16. a3 Rac8 17. g4 f6 18. Bd6 Rfe8 19. h4 e5 20. g5 e4+ 21. Kd2 fxg5 22. hxg5 hxg5 23. Rh5 Re6 24. Rxg5 Rf6 25. Ke2 Nc7 26. Rag1 Rf7 27. Rg6 Ne8 28. Be5 a5 29. R6g4 Kf8 30. Rh4 Ke7 31. Rh8 Kd7 32. Rg8 a4 33. Bxg7 Nxg7 34. R1xg7 Rxg8 35. Rxg8 Rh7 36. Ra8 Rh1 37. Rxa4 Rc1 38. Rb4 Kc7 39. a4 Kb8 40. Rb6 Rc2+ 41. Kf1 Rc1+ 42. Kg2 Ra1 43. b3 Ra2 44. Kg3 Ka7 45. b4 Rxa4 46. b5 Rb4 47. bxc6 Rxb6 48. cxb6+ Kxb6 49. cxb7 Kxb7 50. Kf4 Kc7 51. Ke5 Kc6 52. Ke6 Kc7 53. Kxd5 Kd7 54. Kxe4 Ke6 55. d5+ Ke7 56. Ke5 Ke8 57. Ke6 Kd8 58. f4 Kc7 59. d6+ Kb7 60. d7 Kc7 61. Ke7 1-0